| 000 | 00403nam a2200097Ia 4500 | ||
|---|---|---|---|
| 008 | 180130s9999 xx 000 0 und d | ||
| 245 |
_cTeng, Hui-Ming _aEPQ models for deteriorating items with linearly discounted backordering under limited utilization of facility |
||
| 260 | _c2016 | ||
| 300 | _aBook title: Information technology management--Acession number C20746; pages 1 - 8 | ||
| 650 | _aIT MANAGEMENT | ||
| 999 |
_c354254 _d354254 |
||